00544nam a22002057a 450000500170000001000110001702000100002803500110003803700160004904000120006508200160007724500610009326000450015427000290019930000180022850000410024665000140028765000220030170000150032320170124105941.0 a474291 c00.00 a474291 bCen Lib/Ret aDPLbEN a230.61bCOW aCow-slaughter :cedited by A.B. Shahbhorns of dilemma / aBombay bLalvani Publishing House c1967 bBombay a210, D.N. road  a82pc22cm(Hb) aIncludes bibliographical references  aHinduism  aCow Cult zIndia  aShah, A.B.